书目信息

书名: 冯骥才集 
作者: 冯骥才
出版信息: 福州   海峡文艺出版社  1986.09
开本页数: 19cm  349页
丛书名: 新时期中篇小说名作丛书
单 册:
中图分类: I2
科图分类:
主题词: 中篇小说--中国--现代--选集 , 文学--中国
电子资源:
ISBN:
000 00771nam2 2200289 45
001 0000290993
005 20060314105406.03
010    @dCNY3.00
010    @b精装@d¥4.80
091    @aCN@b10368.234
100    @a19920813d1986 em y0chiy0121 ea
101 @achi
102    @aCN@b350000
105    @acf z 001ay
200 10 @a冯骥才集@Afeng ji cai ji@f冯骥才著
210    @a福州@c海峡文艺出版社@d1986.09
215    @a349页@c照片@d19cm
225 @a新时期中篇小说名作丛书@v1
308    @a本丛书共12种。
410  0 @120010@a新时期中篇小说名作丛书
606    @a中篇小说@y中国@z现代@x选集
606 @a文学@x中国
690    @aI2@v3
701  0 @a冯骥才@Afeng ji cai@4著
801  2 @aCN@bNLC@c20060314
801  0 @aCN@b深圳图书馆
905    @a10447@dI2@e1128
    
    冯骥才集/冯骥才著.-福州:海峡文艺出版社,1986.09
    349页:照片;19cm.-(新时期中篇小说名作丛书;1)
    
    
    ISBN :CNY3.00
    
相关链接 在五车中查询图书 在当当中查询图书 在豆瓣中查询图书


正题名:冯骥才集     索取号:I2/1128         预约/预借

序号 登录号 条形码 馆藏地/架位号 状态 备注
1 37778   200377788   海科密-1楼/35架2列4层/ [索取号:I2/1128] 在馆